[Event "XXII Rapid KO"]
[Site "Leon ESP"]
[Date "2009.06.07"]
[Round "2.5"]
[White "Carlsen, M."]
[Black "Ivanchuk, V."]
[Result "1/2-1/2"]
[WhiteElo "2770"]
[BlackElo "2746"]
[PlyCount "96"]
[EventDate "2009.06.07"]

1. d4 d5 2. c4 e6 3. Nf3 Nf6 4. Nc3 c6 5. Bg5 Nbd7 6. e3 Qa5 7. cxd5 Nxd5 8.
Qd2 Bb4 9. Rc1 h6 10. Bh4 c5 11. a3 Bxc3 12. bxc3 b6 13. c4 Qxd2+ 14. Nxd2 Ne7
15. f3 Nf5 16. Bf2 Ba6 17. Bd3 Ke7 18. O-O Rhd8 19. Rfd1 Rac8 20. a4 Nd6 21.
Bf1 e5 22. d5 f5 23. Rc2 Rb8 24. Bg3 g5 25. Bd3 Re8 26. Re1 Kf7 27. Be2 f4 28.
Bf2 fxe3 29. Bxe3 Nf6 30. a5 Nf5 31. Bf2 Nd4 32. Ra2 b5 33. cxb5 Nxe2+ 34. Rxe2
Rxb5 35. Re1 Nxd5 36. Nc4 Re6 37. Nxe5+ Kg7 38. Rd2 Nf6 39. h4 Rxa5 40. hxg5
hxg5 41. Rc2 c4 42. Nxc4 Rxe1+ 43. Bxe1 Rc5 44. Ne3 Rxc2 45. Nxc2 g4 46. Bf2
gxf3 47. gxf3 Bb7 48. Bxa7 Bxf3 1/2-1/2